Discurso leido por el Dr. D. Vicente Peset y Cervera... en la solemne sesión celebrada en... la Universidad de Valencia... 1923 con motivo del Centenario de Pasteur / (Registro nro. 118424)
[ vista simple ]
| 000 -LEADER | |
|---|---|
| campo de control de longitud fija | 00746nam a2200181 i 4500 |
| 001 - NÚMERO DE CONTROL | |
| campo de control | 118424 |
| 003 - IDENTIFICADOR DE NÚMERO DE CONTROL | |
| campo de control | ES-MaACL |
| 005 - FECHA Y HORA DE LA ÚLTIMA TRANSACCIÓN | |
| campo de control | 20230906191109.0 |
| 007 - CAMPO FIJO DE DESCRIPCIÓN FÍSICA--INFORMACIÓN GENERAL | |
| campo de control de longitud fija | t| |
| 008 - DATOS DE LONGITUD FIJA--INFORMACIÓN GENERAL | |
| campo de control de longitud fija | 070214s1923 sp r ||||1| spa d |
| 100 1# - ENTRADA PRINCIPAL--NOMBRE DE PERSONA | |
| Nombre de persona | Peset y Cervera, Vicente. |
| 9 (RLIN) | 91439 |
| 245 10 - MENCIÓN DEL TÍTULO | |
| Título | Discurso leido por el Dr. D. Vicente Peset y Cervera... en la solemne sesión celebrada en... la Universidad de Valencia... 1923 con motivo del Centenario de Pasteur / |
| Mención de responsabilidad, etc. | Vicente Peset y Cervera. |
| 260 ## - PUBLICACIÓN, DISTRIBUCIÓN, ETC. | |
| Lugar de publicación, distribución, etc. | Valencia : |
| Nombre del editor, distribuidor, etc. | Hijos de F. Vives Mora, |
| Fecha de publicación, distribución, etc. | 1923. |
| 300 ## - DESCRIPCIÓN FÍSICA | |
| Extensión | 35 p. ; |
| Dimensiones | 24 cm. |
| 500 ## - NOTA GENERAL | |
| Nota general | Es tirada aparte de Anales de la Universidad de Valencia. Año III. Cuadernos 20 y 21 . - Retr. de Pasteur. |
| 600 04 - PUNTO DE ACCESO ADICIONAL DE MATERIA--NOMBRE DE PERSONA | |
| Nombre de persona | Pasteur, Louis. |
| 9 (RLIN) | 89467 |
| 852 ## - LOCALIZACIÓN | |
| Ubicación | ES-MaACL |
| Número de control de estantería | 1652-F-1 |
| Estatus retirado | Estado de pérdida | Estado de daño | No para préstamo | Colección | Biblioteca de origen | Biblioteca actual | Ubicación en estantería | Fecha de adquisición | Fuente de adquisición | Total de préstamos | Signatura topográfica completa | Código de barras | Visto por última vez | Precio de reemplazo | Tipo de ítem Koha |
|---|---|---|---|---|---|---|---|---|---|---|---|---|---|---|---|
| Colección de folletos | Biblioteca del Ateneo de Madrid | Biblioteca del Ateneo de Madrid | Depósito folletos | 17/01/2008 | 1652-F-1 | 1123457 | 23/02/2023 | 23/02/2023 | Folleto |
